| 000 | 00782nam a22001337a 4500 | ||
|---|---|---|---|
| 040 | _cRUA | ||
| 082 | _aVEM PRA 2014 B442 Or.1 | ||
| 100 | _aPRANG PHEAK ; ប្រង់ ភាក់ | ||
| 245 | _aEffect of antibotic on respiratory disease of fattening pig at bvb investment corp company in santuk district, kampong thom province, ប្រសិទ្ធភាព Antibiotic លើជំងឺរលាកផ្លូវដង្ហើមជ្រូកសាច់ នៅក្រុមហ៊ុន BVB investment corp នៅស្រុកសន្ទុក ខេត្តកំពង់ធំ | ||
| 260 |
_aPhnom Penh _bRUA _c2014 |
||
| 300 |
_ax ;36p. _bill. _c29cm. |
||
| 856 | _uhttps://drive.google.com/file/d/1wl-QUJP2PFwFaRXM3EFPkxFMYmUvOKpG/view?usp=sharing | ||
| 942 | _cVEM | ||
| 999 |
_c7246 _d7246 |
||